| 000 | 01009nam a22002657a 4500 | ||
|---|---|---|---|
| 999 |
_c145009 _d145009 |
||
| 005 | 20220217154300.0 | ||
| 010 | _a1718EN-30 ENG-122770 B-687492-512 | ||
| 020 |
_c550.00 _a9780199453252 |
||
| 020 |
_c550.00 _a19945325 |
||
| 035 | _aEN-106302 | ||
| 035 | _aB-687492-512 | ||
| 037 |
_bUppal _adpl |
||
| 037 | _bDBAD/PUB. | ||
| 082 | _a954 | ||
| 100 | _aSen, Amartya | ||
| 245 |
_aThe country of first boys : _band other essays / _cby Amartya Sen; edited by Antara Dev Sen [and] Pratik Kanjilal |
||
| 260 |
_aNew Delhi _bOxford University Press _c2015 |
||
| 270 |
_bNew Delhi _aYMCA Library Building,1 Jai Singh Road, _e110001 |
||
| 300 |
_alli,276p. _c20cm(Hb) |
||
| 500 | _aIt include name index and subject index | ||
| 700 | _aSen, Antara Dev | ||
| 700 | _aKanjilal, Pratik | ||
| 942 |
_2ddc _cEN _h954 _mSEN |
||